000 00758nam a2200241Ia 4500
003 OSt
005 20220107122736.0
008 130318s9999 xx 000 0 und d
020 _a9788131701287
040 _cIIITM-K
082 _a006.77 SIN/W
100 _aSinghal, Sandeep
_94120
245 _aWAP-Wireless application protocol:
_bWriting applications for the mobile internet
_cby Sandeep Singhal et.al
260 _bPearson,
_aNew Delhi,
_c2001.
300 _a698p.
650 _aCOMMUNICATION ENGINEERING
_94121
650 _aCOMMUNICATION PROTOCOL
_94122
650 _aWIRELESS APPLICATION PROTOCOL
_94123
650 _aMOBILE APPLICATIONS
_94124
700 _aBridgman, Thomas
_94125
700 _aSuryanarayana, Lalitha
_94126
942 _2ddc
_cBK
999 _c3844
_d3844